European Composers - Sudden Death - Statistics

General Stats
  • This quiz has been taken 782 times
  • The average score is 24 of 42
Answers on the Grid
Answers color-coded by a green-red scale on the quiz's grid according to % correct below.
Johann Sebastian Bach
Wolfgang Amadeus Mozart
Ludwig van Beethoven
George Gershwin
Frédéric Chopin
Samuel Barber
Pyotr Ilyich Tchaikovsky
Aaron Copland
Philip Glass
George Frideric Handel
Richard Wagner
Johannes Brahms
Ryuichi Sakamoto
Giuseppe Verdi
Dmitri Shostakovich
Claude Debussy
Béla Bartók
Erik Satie
Georges Bizet
Hector Berlioz
Ennio Morricone
Robert Schumann
Felix Mendelssohn
Antonio Vivaldi
Franz Schubert
Hans Zimmer
Richard Strauss
Sergei Prokofiev
John Williams
Gioachino Rossini
Michael Giacchino
Giacomo Puccini
Joseph Haydn
Anton Bruckner
Jerry Goldsmith
Thomas Newman
Alban Berg
James Newton Howard
Edward Elgar
Nikolai Rimsky-Korsakov
Gustav Mahler
Franz Liszt
James Horner
Tōru Takemitsu
Modest Mussorgsky
Alan Silvestri
Edvard Grieg
Danny Elfman
Alexander Borodin
Jean Sibelius
Sergei Rachmaninoff
Howard Shore
Mikhail Glinka
Mikis Theodorakis
Bedřich Smetana
Antonín Dvořák
Aram Khachaturian
 
Answer Stats
Answer % Correct
Johann Sebastian Bach
92%
Ludwig van Beethoven
92%
Wolfgang Amadeus Mozart
92%
Frédéric Chopin
86%
Pyotr Ilyich Tchaikovsky
77%
Antonio Vivaldi
76%
Claude Debussy
72%
Franz Schubert
72%
Giuseppe Verdi
71%
Johannes Brahms
71%
Richard Wagner
71%
Richard Strauss
70%
George Frideric Handel
69%
Felix Mendelssohn
68%
Robert Schumann
65%
Dmitri Shostakovich
62%
Franz Liszt
61%
Sergei Prokofiev
60%
Georges Bizet
59%
Giacomo Puccini
59%
Gioachino Rossini
59%
Béla Bartók
57%
Antonín Dvořák
55%
Joseph Haydn
55%
Sergei Rachmaninoff
54%
Nikolai Rimsky-Korsakov
53%
Gustav Mahler
52%
Hector Berlioz
52%
Edvard Grieg
51%
Jean Sibelius
45%
Modest Mussorgsky
44%
Bedřich Smetana
41%
Ennio Morricone
41%
Erik Satie
41%
Hans Zimmer
37%
Edward Elgar
36%
Mikis Theodorakis
34%
Mikhail Glinka
33%
Alexander Borodin
32%
Anton Bruckner
32%
Aram Khachaturian
31%
Alban Berg
23%
No matching quizzes found
Score Distribution
Percent of People with Each Score
Percentile by Number Answered
Your Score History
You have not taken this quiz